Extragalactic radio sources (Record no. 7666)
[ view plain ]
| 000 -LEADER | |
|---|---|
| fixed length control field | 01002nam a2200253Ia 4500 |
| 003 - CONTROL NUMBER IDENTIFIER | |
| control field | IN-BaIIA |
| 008 - FIXED-LENGTH DATA ELEMENTS--GENERAL INFORMATION | |
| fixed length control field | 211028s9999 xx 000 0 eng d |
| 020 ## - INTERNATIONAL STANDARD BOOK NUMBER | |
| International Standard Book Number | 90-277-1385-5 |
| 040 ## - CATALOGING SOURCE | |
| Transcribing agency | IIA Library |
| 080 ## - UNIVERSAL DECIMAL CLASSIFICATION NUMBER | |
| Universal Decimal Classification number | 082.2:52 |
| Item number | IAU-97 |
| 111 ## - MAIN ENTRY--MEETING NAME | |
| Meeting name or jurisdiction name as entry element | International Astronomical Union Symposium |
| Number of part/section/meeting | 97th |
| Location of meeting | U S A |
| Date of meeting or treaty signing | 1981 Aug. 3-7 |
| 9 (RLIN) | 12968 |
| 245 #0 - TITLE STATEMENT | |
| Title | Extragalactic radio sources |
| Remainder of title | proceedings of the International Astronomical Union Symposium No.97 held at Albuquerque U S A August 3-7, 1981 |
| Statement of responsibility, etc. | edited by David S. Heeschen and Campbell M. Wade |
| 260 ## - PUBLICATION, DISTRIBUTION, ETC. | |
| Place of publication, distribution, etc. | Dordrecht |
| Name of publisher, distributor, etc. | D. Reidel Publishing |
| Date of publication, distribution, etc. | 1992 |
| 300 ## - PHYSICAL DESCRIPTION | |
| Extent | xvii, 490p. |
| 490 ## - SERIES STATEMENT | |
| Series statement | IAU Symposium; no. 97 |
| 500 ## - GENERAL NOTE | |
| General note | Donated by Mrs. Bappu |
| 650 ## - SUBJECT ADDED ENTRY--TOPICAL TERM | |
| Topical term or geographic name entry element | Astronomy and Astrophysics Thesaurus |
| 650 ## - SUBJECT ADDED ENTRY--TOPICAL TERM | |
| Topical term or geographic name entry element | Galaxies |
| 9 (RLIN) | 1286 |
| 650 ## - SUBJECT ADDED ENTRY--TOPICAL TERM | |
| Topical term or geographic name entry element | Radio Sources |
| 9 (RLIN) | 3666 |
| 700 ## - ADDED ENTRY--PERSONAL NAME | |
| Personal name | Heeschen, David S., ed. |
| 9 (RLIN) | 12969 |
| 700 ## - ADDED ENTRY--PERSONAL NAME | |
| Personal name | Wade, Campbell M., ed. |
| 9 (RLIN) | 12970 |
| 710 ## - ADDED ENTRY--CORPORATE NAME | |
| Corporate name or jurisdiction name as entry element | International Astronomical Union |
| 942 ## - ADDED ENTRY ELEMENTS (KOHA) | |
| Koha item type | Books |
| Withdrawn status | Lost status | Damaged status | Not for loan | Home library | Current library | Shelving location | Date acquired | Total Checkouts | Full call number | Barcode | Date last seen | Price effective from | Koha item type |
|---|---|---|---|---|---|---|---|---|---|---|---|---|---|
| IIA Library-Bangalore | IIA Library-Bangalore | General Stacks | 26/07/1983 | 082.2:52/ IAU-97 | 8480 | 05/11/2021 | 26/07/1983 | Books |